Movies Quiz

Random Movies or Blitz Quiz

Quick Pick: Multiple Oscar Nominations (2015) Quiz Stats

 Plays Quiz not verified by Sporcle

Support Sporcle.
Go Orange.
Score 0/7 Timer 01:00
0 Plays Today
% Correct
2 Nominations
70.6%
9 Nominations
70.6%
3 Nominations
65.7%
8 Nominations
52.9%
4 Nominations
47.1%
5 Nominations
47.1%
6 Nominations
41.2%

You're not logged in!

Compare scores with friends on all Sporcle quizzes.
OR
Log In

From the Vault

Country per Last Letter

by puckett86

Hey, at least no countries end in X or Z.
Remove Ads.
Support Sporcle.
Get the best of Sporcle when you Go Orange. This ad-free experience offers more features, more stats, and more fun while also helping to support Sporcle. Thank you for becoming a member.

Show Comments

Extras

Top Quizzes Today


Score Distribution

Your Account Isn't Verified!

In order to create a playlist on Sporcle, you need to verify the email address you used during registration. Go to your Sporcle Settings to finish the process.

Report this User

Report this user for behavior that violates our Community Guidelines.

Details: